00385nam a2200133Ia 4500008004100000041000800041082001600049100002800065245004500093250001400138260005300152300003400205365001200239240624s9999 xx 000 0 und d aeng a658.408 PLE aPLESSIS JEAN JACQUES DU aPRINCIPLES OF CONTEMPORARY CORPORATE GOV a(3rd ed.) c2015aUnited KingdombCambridge University Press axxxvii, : 563 : p. : cm. ; 24 cBPSb30